000 00582nac a22001571u 4500
082 _a004.3682
_bB9184
090 _c629
_d629
100 _aBuchanan, William.
245 _aDistributed systems and networks /
_cWilliam Buchanan.
260 _aNew Delhi :
_bMcGraw-Hill,
_c2000.
300 _a580p. ;
_c25cm.
650 _aComputer networks.
650 _aElectronic data processing
_xDistributed processing.
942 _cBB
_k004.3682B9184
999 _c629
_d629